| 000 | 00925nam a22002655a 4500 | ||
|---|---|---|---|
| 005 | 20161222143716.0 | ||
| 008 | 161222t2016 moua frb 001 0 eng d | ||
| 020 | _a9780323241441 | ||
| 040 |
_aEG-ScBUE _beng _cEG-ScBUE _dEG-ScBUE |
||
| 082 | 0 | 4 |
_222 _a362.173 _bPOL |
| 245 | 0 | 0 |
_aPolicy & politics in nursing and health care / _ceditor Diana J. Mason ... [et al.] |
| 246 | _aPolicy and politics in nursing and health care | ||
| 250 | _a7th ed. | ||
| 260 |
_aMissouri : _bElsevier, _cc.2016. |
||
| 300 |
_axxvii, 753 p. : _bill. ; _c24 cm. |
||
| 500 | _aIndex : p. 728-753. | ||
| 504 | _aIncludes bibliographical references. | ||
| 650 | 7 |
_2BUEsh _aNurses _xPolitical activity _zUnited States. |
|
| 650 | 7 |
_aNursing _xPolitical aspects _zUnited States. _2BUEsh |
|
| 650 | 7 |
_aMedical policy _zUnited States. _2BUEsh |
|
| 651 | _2BUEsh | ||
| 653 |
_bNNUR _cDecember2016 |
||
| 700 | 1 |
_aMason, Diana J., _eeditor. |
|
| 942 | _2ddc | ||
| 999 |
_c23711 _d23683 |
||